=LDR 00000nam 2200000 4500 =001 INLIS000000000021111 =005 20130612120012 =008 ***********************************Ind** =035 ##$$0010-061300000021111 =041 ##$$a Ind =082 ##$$a 510 =090 ##$$a 510, Sup u =100 ##$$a Supriatini, Mimin =245 ##$$a Uraian materi pelajaran matematika untuk SLTP kelas 3, Mimin Supriatini =260 ##$$a 1995 $b Bandung =300 ##$$a 248 hlm, ilus, 21 cm =650 ##$$a Matematika =850 ##$$a NBPNMAT